MARC

LEADER 00000nam0a2200000 4500
001 34912
005 20231101210251.0
010 |a 5030013733 
035 |a (RuTPU)RU\TPU\book\35326 
035 |a BOOK00001978 
090 |a 34912 
100 |a 20011210d1988 k y0rusy50 ca 
101 1 |a rus  |c eng 
102 |a RU 
105 |a a z 001zy 
200 1 |a Детерминированный хаос  |e Введение  |e пер. с англ.  |f Г. Г. Шустер 
210 |a Москва  |c Мир  |d 1988 
215 |a 240 с. 
606 |a Случайные процессы  |x Математическое моделирование  |2 stltpush  |3 (RuTPU)RU\TPU\subj\55236  |9 73295 
610 1 |a нелинейные дифференциальные уравнения 
610 1 |a методы решения 
610 1 |a детерминированный хаос 
610 1 |a динамические диссипативные системы 
610 1 |a гамильтоновые системы 
610 1 |a динамика 
610 1 |a теория 
675 |a 519.246  |v 3 
700 1 |a Шустер  |b Г. Г.  |g Гейнц Георг 
801 0 |a RU  |b 63413507  |c 20011210  |g PSBO 
801 2 |a RU  |b 63413507  |c 20201114  |g PSBO 
900 |a Методы решения нелинейных дифференцированных уравнений математической физики в задачах радиоэлектроники 
900 |a Идентификация систем управления и планирования эксперимента 
942 |c BK